000 00776nam a22002057a 4500
003 OSt
005 20250213162846.0
008 250213b |||||||| |||| 00| 0 spa d
037 _bDonación
040 _aCO-JMCR
_bspa
_cCO-JMCR
_dCO-JMCR
_erda
041 0 _aspa
082 0 4 _223
_a305.23
_bG14j
100 1 _aGalán Pachón, Juan Manuel,
_eautor
_944087
245 1 4 _aLos jovenes construyen un nuevo país :
_bHacia una Política Publica de Juventud /
_cJuan Manuel Galán Pachón; Germán Alberto Bula Escobar; Ana Milena Escobar Araujo.
260 _aSanta Fe de Bogotá:
_bMinisterio de Educación Nacional,
_c2000.
300 _a141 páginas :
_c24 cm.
700 1 _aBula Escobar, Germán Alberto,
_944088
700 1 _aEscobar Araujo, Ana Milena,
_944089
942 _2ddc
_cBK
999 _c30952
_d17336